| 000 | 00347nam a22001337a 4500 | ||
|---|---|---|---|
| 008 | 170601b xxu||||| |||| 00| 0 eng d | ||
| 020 | _a9780521764254 | ||
| 041 | _aeng | ||
| 080 | _a94(7/8) | ||
| 100 | _a17 | ||
| 101 | _aSHH | ||
| 245 |
_aWELFARE REFORM AND ITS LONG TERM CONCEQUENCES FOR AMERICA POOR _cZILIAK.J.P |
||
| 942 |
_2udc _cBK |
||
| 999 |
_c15197 _d15197 |
||